000 00769naa a22002297u 4500
001 20901
003 HDC
007 cr bn ---aaaaa
008 210306t200901 xx 000 0 eng
040 _aHDC
245 0 _aFARM'S BEST: A BENCHMARK FOR GOOD, HIGH QUALITY PRODUCTION
260 _a[No place] :
_b[publisher not identified],
_c2009
336 _atext
_2rdacontent
337 _acomputer
_2rdamedia
338 _aonline resource
_2rdacarrier
650 _aHalal food industry
_zMalaysia
_9218
650 _aHalal food
_950
856 _zRequest full-text at [email protected]
942 _2lcc
942 _cEIJ
942 _kEMAG 000932
999 _c18217
_d18217